000
00331nam a2200145Ia 4500
005
20260328104323.0
008
260328s9999||||xx |||||||||||||| ||und||
100
_a
Jones, Owen
245
4
_a
The Grammar of Ornament /
_c
Owen Jones
250
_a
5a ed.
260
_b
Herbert
300
_a
504 p.
650
_a
ARTE
942
_c
BK
999
_c
11421
_d
11421